| 000 | 03858nam2a2200373 4500 | ||
|---|---|---|---|
| 001 | RU\NLR\BIBL_A\022767969 | ||
| 005 | 20260416160707.0 | ||
| 010 | _a978-5-8295-0921-7 | ||
| 021 |
_aRU _bКН-П-26-007906 _9КН-П-26-0763 |
||
| 035 | _a(NLR Aleph) 022767969 | ||
| 090 |
_a13647665 _c13647665 |
||
| 100 | _a20260327d2024 u y0rusy50 ca | ||
| 101 | 0 | _arus | |
| 102 | _aRU | ||
| 105 | _aа z 000zy | ||
| 200 | 0 |
_a... за 2023 год _eколлективная монография _fБеляева Н. В., с. н. с., фенолог, Бирюкова П. И., Куприенко Н. Н. [и др.] _gответственный редактор: А. В. Хлопотова _gМинистерство природных ресурсов и экологии Российской Федерации, Висимский государственный природный биосферный заповедник |
|
| 210 |
_aКировград _c[б. и.] _d2024 |
||
| 215 |
_a204 с. _cил. |
||
| 300 | _aЗагл. в вып. дан.: Летопись природы Висимского государственного природного биосферного заповедника за 2023 год | ||
| 300 | _aАвт. указаны на обороте тит. с. | ||
| 300 | _aНа тит. с. и обл.: кн. 49 | ||
| 320 | _aБиблиогр.: с. 194-204 (99 назв.) | ||
| 461 | 0 |
_1001RU\NLR\BIBL_A\010848472 _12001#$aЛетопись природы Висимского государственного природного биосферного заповедника ...$eучебное пособие для студентов высших учебных заведений, обучающихся по специальностям : 05.03.02 - "География"; 05-03-04 - "Гидрометеорология"; 05. 03. 06 - "Экология и природопользование"; 06.03.01 - "Биология"; 35.03.01 - "Лесное дело"$fРос. акад. естествознания, Изд. дом Акад естествознания, МПР Рос. Федерации, Висим. гос. природ. бирсфер. заповедник$g[Ларин Е. Г. и др.]$vза 2023 год _910364395 _cМосква _d2014 _fРос. акад. естествознания, Изд. дом Акад естествознания, МПР Рос. Федерации, Висим. гос. природ. бирсфер. заповедник _nИздательский дом Академии естествознания _oучебное пособие для студентов высших учебных заведений, обучающихся по специальностям : 05.03.02 - "География"; 05-03-04 - "Гидрометеорология"; 05. 03. 06 - "Экология и природопользование"; 06.03.01 - "Биология"; 35.03.01 - "Лесное дело" _tЛетопись природы Висимского государственного природного биосферного заповедника ... _vза 2023 год |
|
| 517 | 1 | _aЛетопись природы Висимского государственного природного биосферного заповедника за 2023 год | |
| 701 | 1 |
_aБеляева _bН. В. _cбиолог, фенология _gНаталья Вадимовна _9243841 _3RU\NLR\AUTH\770243897 |
|
| 701 | 1 |
_aБирюкова _bП. И. |
|
| 701 | 1 |
_aКуприенко _bН. Н. |
|
| 702 | 1 |
_aХлопотова _bА. В. _4340 |
|
| 711 | 0 | 2 |
_aВисимский государственный природный биосферный заповедник _9324235 _3RU\NLR\AUTH\8810219424 |
| 942 | _cBOOK | ||
| 980 | _aNB | ||